Principles of CMOS VLSI design : A systems perspective
The book deals the technology down to the layout level of detail, thereby providing a bridge from a circuit to a form that may be fabricated. The early chapters provide a circuit view of the CMOS IC design, the middle chapters cover a sub-system view of CMOS VLSI, and the final section illustrates t...
Kaydedildi:
| Yazar: | |
|---|---|
| Materyal Türü: | Kitap |
| Dil: | Undetermined |
| Baskı/Yayın Bilgisi: |
Reading, Mass.
Addison-Wesley
1985
|
| Konular: | |
| Etiketler: |
Etiketle
Etiket eklenmemiş, İlk siz ekleyin!
|
| Thư viện lưu trữ: | Trung tâm Học liệu Trường Đại học Cần Thơ |
|---|
| LEADER | 01162nam a2200229Ia 4500 | ||
|---|---|---|---|
| 001 | CTU_127434 | ||
| 008 | 210402s9999 xx 000 0 und d | ||
| 020 | |c 36.95 | ||
| 082 | |a 621.38173 | ||
| 082 | |b W525 | ||
| 100 | |a Weste, Neil H. E. | ||
| 245 | 0 | |a Principles of CMOS VLSI design : | |
| 245 | 2 | |b A systems perspective | |
| 245 | 0 | |c Neil H.E. Weste, Kamran Eshraghian | |
| 260 | |a Reading, Mass. | ||
| 260 | |b Addison-Wesley | ||
| 260 | |c 1985 | ||
| 520 | |a The book deals the technology down to the layout level of detail, thereby providing a bridge from a circuit to a form that may be fabricated. The early chapters provide a circuit view of the CMOS IC design, the middle chapters cover a sub-system view of CMOS VLSI, and the final section illustrates these techniques through the use of a case study. This capstone section ties together the preceding chapters and gives the student a feel for real-world design. | ||
| 650 | |a Integrated circuits,Metal oxide semiconductors, complementary | ||
| 650 | |x Very large scale integration,Design and construction | ||
| 904 | |i Hạ Nguyên | ||
| 980 | |a Trung tâm Học liệu Trường Đại học Cần Thơ | ||